000 00194 a2200097 4500
001 25336
100 _a
245 _aMishkat-Al-Masabih
260 _a
_bAshraf (Lah
_c1963
090 _c17100
_d17100
942 _aNUST-CAE
_c
_c7893
999 _c260409
_d260409